Top 10 Poorest Countries In Asia - Statistics

General Stats
  • This quiz has been taken 23 times
  • The average score is 8 of 10
Answer Stats
Hint Answer % Correct
$2,872 Bangladesh
95%
$173 Yemen
95%
$2,902 Cambodia
89%
$2,378 Laos
89%
$1,547 Nepal
89%
$1,510 Timor-Leste
89%
$2,813 India
84%
$1,519 Myanmar
84%
$1,860 Tajikistan
74%
$3,190 Kyrgyzstan
53%
No matching quizzes found
Score Distribution
Percent of People with Each Score
Percentile by Number Answered
Your Score History
You have not taken this quiz